000 00802nam a2200229 a 4500
001 000008187
005 20200929154456.0
008 090915s1985 dr 000 0 spa d
040 _aDO-SdBNP
_bspa
_cBNPHU
082 _a808.51
_bR696a
100 1 _aRodríguez, Víctor Ml.
_922223
245 1 3 _aEl abc de la oratoria /
_cVíctor Ml. Rodríguez ; prólogo Nicolás Guevara.
250 _a2a. ed.
260 _aSanto Domingo. :
_bEscuela Taller de Artes Gráficas y Comunicación Popular,
_c[1985?].
300 _a87 p. :
_bil. ;
_c21 cm.
500 _aIncluye datos biográficos del autor en la contraportada
590 _aInventariado, 2018/ YL
650 4 _aOratoria
_91172
650 4 _aDiscursos
_96584
700 1 2 _aGuevara, Nicolás
_epról.
_922224
910 _aValidado. Contol de calidad MFF
999 _c7962
_d7962